000 00648nam a2200205Ia 4500
001 2467
003 GE_BSU
008 181216s||||||||xx |||||||||||||| ||und||
040 _cGE_BSU
080 _a94(560)(075.8)
100 _aსვანიძე, მიხელ
245 _aთურქეთის ისტორია 1923–2000(რესპუბლიკის პერიოდი)
245 _c[რედ. გიული ალასანია]
260 _aთბილისი
260 _c2005
300 _a292 გვ.
541 _h8 ლ.
653 _aთურქეთის ისტორია
942 _cBK
999 _c36548
_d36548